000
00323nam a2200145Ia 4500
008
150201s2001 xx 000 0 und d
082
_a
150
_b
P01B
100
_a
BARON , ROBERT A.
245
_a
PSYCHOLOGY
250
_a
5TH
260
_b
PRENTIC HALL
_c
2001
300
_a
700
650
_a
PSYCHOLOGY
942
_2
ddc
_c
BK
_0
18
999
_c
1909
_d
1909